<?xml version="1.0" encoding="UTF-8"?>
<collection xmlns="http://www.loc.gov/MARC21/slim">
 <record>
  <leader>07890cam a2201213 c 4500</leader>
  <controlfield tag="001">776670743</controlfield>
  <controlfield tag="003">DE-627</controlfield>
  <controlfield tag="005">20251215141356.0</controlfield>
  <controlfield tag="007">tu</controlfield>
  <controlfield tag="008">140120s2016    gw |||||      00| ||ger c</controlfield>
  <datafield tag="015" ind1=" " ind2=" ">
   <subfield code="a">14,N03</subfield>
   <subfield code="2">dnb</subfield>
  </datafield>
  <datafield tag="016" ind1="7" ind2=" ">
   <subfield code="a">1046238248</subfield>
   <subfield code="2">DE-101</subfield>
  </datafield>
  <datafield tag="020" ind1=" " ind2=" ">
   <subfield code="a">9783731900481</subfield>
   <subfield code="c">Gb. : ca. EUR 39.95 (DE), ca. EUR 41.10 (AT), ca. sfr 53.90 (freier Pr.)</subfield>
   <subfield code="9">978-3-7319-0048-1</subfield>
  </datafield>
  <datafield tag="024" ind1="3" ind2=" ">
   <subfield code="a">9783731900481</subfield>
  </datafield>
  <datafield tag="035" ind1=" " ind2=" ">
   <subfield code="a">(DE-627)776670743</subfield>
  </datafield>
  <datafield tag="035" ind1=" " ind2=" ">
   <subfield code="a">(DE-576)42577533X</subfield>
  </datafield>
  <datafield tag="035" ind1=" " ind2=" ">
   <subfield code="a">(DE-599)DNB1046238248</subfield>
  </datafield>
  <datafield tag="035" ind1=" " ind2=" ">
   <subfield code="a">(OCoLC)904446102</subfield>
  </datafield>
  <datafield tag="035" ind1=" " ind2=" ">
   <subfield code="a">(OCoLC)904446102</subfield>
  </datafield>
  <datafield tag="035" ind1=" " ind2=" ">
   <subfield code="a">(OCoLC)959580078</subfield>
  </datafield>
  <datafield tag="040" ind1=" " ind2=" ">
   <subfield code="a">DE-627</subfield>
   <subfield code="b">ger</subfield>
   <subfield code="c">DE-627</subfield>
   <subfield code="e">rda</subfield>
  </datafield>
  <datafield tag="041" ind1=" " ind2=" ">
   <subfield code="a">ger</subfield>
   <subfield code="a">eng</subfield>
   <subfield code="a">fre</subfield>
  </datafield>
  <datafield tag="044" ind1=" " ind2=" ">
   <subfield code="c">XA-DE-HE</subfield>
  </datafield>
  <datafield tag="050" ind1=" " ind2="0">
   <subfield code="a">NA3683.A6</subfield>
  </datafield>
  <datafield tag="082" ind1="0" ind2=" ">
   <subfield code="a">728.8</subfield>
   <subfield code="q">DE-101</subfield>
   <subfield code="2">22/ger</subfield>
  </datafield>
  <datafield tag="082" ind1="0" ind2=" ">
   <subfield code="a">636.083</subfield>
   <subfield code="q">DE-101</subfield>
   <subfield code="2">22/ger</subfield>
  </datafield>
  <datafield tag="082" ind1="0" ind2="4">
   <subfield code="a">720</subfield>
   <subfield code="a">630</subfield>
   <subfield code="a">943</subfield>
   <subfield code="q">DE-101</subfield>
  </datafield>
  <datafield tag="082" ind1="0" ind2="4">
   <subfield code="a">940</subfield>
  </datafield>
  <datafield tag="084" ind1=" " ind2=" ">
   <subfield code="a">KUNST</subfield>
   <subfield code="q">DE-16</subfield>
   <subfield code="2">fid</subfield>
  </datafield>
  <datafield tag="084" ind1=" " ind2=" ">
   <subfield code="a">NK 4940</subfield>
   <subfield code="q">BVB</subfield>
   <subfield code="2">rvk</subfield>
   <subfield code="0">(DE-625)rvk/126080:</subfield>
  </datafield>
  <datafield tag="084" ind1=" " ind2=" ">
   <subfield code="a">LK 79850</subfield>
   <subfield code="2">rvk</subfield>
   <subfield code="0">(DE-625)rvk/98299:154</subfield>
  </datafield>
  <datafield tag="084" ind1=" " ind2=" ">
   <subfield code="a">ZH 6045</subfield>
   <subfield code="q">DE-Wis1</subfield>
   <subfield code="2">rvk</subfield>
   <subfield code="0">(DE-625)rvk/156189:</subfield>
  </datafield>
  <datafield tag="084" ind1=" " ind2=" ">
   <subfield code="a">21.71</subfield>
   <subfield code="2">bkl</subfield>
  </datafield>
  <datafield tag="084" ind1=" " ind2=" ">
   <subfield code="a">48.60</subfield>
   <subfield code="2">bkl</subfield>
  </datafield>
  <datafield tag="084" ind1=" " ind2=" ">
   <subfield code="a">15.18</subfield>
   <subfield code="2">bkl</subfield>
  </datafield>
  <datafield tag="111" ind1="2" ind2=" ">
   <subfield code="a">Tiere auf Burgen und Frühen Schlössern</subfield>
   <subfield code="g">Veranstaltung</subfield>
   <subfield code="d">2012</subfield>
   <subfield code="c">Eisenach</subfield>
   <subfield code="j">VerfasserIn</subfield>
   <subfield code="0">(DE-588)1117168964</subfield>
   <subfield code="0">(DE-627)871298619</subfield>
   <subfield code="0">(DE-576)478818556</subfield>
   <subfield code="4">aut</subfield>
  </datafield>
  <datafield tag="245" ind1="1" ind2="0">
   <subfield code="a">Tiere auf Burgen und frühen Schlössern</subfield>
   <subfield code="c">Wartburg-Gesellschaft zur Erforschung von Burgen und Schlössern e.V. (Hrsg.) ; Redaktion: Daniel Burger ; unter Mitarbeit von Armand Baeriswyl, G. Ulrich Großmann, Christine Müller and Guido von Büren</subfield>
  </datafield>
  <datafield tag="264" ind1=" " ind2="1">
   <subfield code="a">Petersberg</subfield>
   <subfield code="b">Michael Imhof Verlag</subfield>
   <subfield code="c">[2016]</subfield>
  </datafield>
  <datafield tag="264" ind1=" " ind2="4">
   <subfield code="c">© 2016</subfield>
  </datafield>
  <datafield tag="300" ind1=" " ind2=" ">
   <subfield code="a">303 Seiten</subfield>
   <subfield code="b">Illustrationen, Pläne</subfield>
   <subfield code="c">300 mm x 240 mm</subfield>
  </datafield>
  <datafield tag="336" ind1=" " ind2=" ">
   <subfield code="a">Text</subfield>
   <subfield code="b">txt</subfield>
   <subfield code="2">rdacontent</subfield>
  </datafield>
  <datafield tag="336" ind1=" " ind2=" ">
   <subfield code="a">unbewegtes Bild</subfield>
   <subfield code="b">sti</subfield>
   <subfield code="2">rdacontent</subfield>
  </datafield>
  <datafield tag="337" ind1=" " ind2=" ">
   <subfield code="a">ohne Hilfsmittel zu benutzen</subfield>
   <subfield code="b">n</subfield>
   <subfield code="2">rdamedia</subfield>
  </datafield>
  <datafield tag="338" ind1=" " ind2=" ">
   <subfield code="a">Band</subfield>
   <subfield code="b">nc</subfield>
   <subfield code="2">rdacarrier</subfield>
  </datafield>
  <datafield tag="490" ind1="1" ind2=" ">
   <subfield code="a">Forschungen zu Burgen und Schlössern</subfield>
   <subfield code="v">Bd. 16</subfield>
  </datafield>
  <datafield tag="520" ind1=" " ind2=" ">
   <subfield code="a">&quot;Von engen Mauern umschlossen, eingeengt durch Viehställe, Waffenschuppen, Pulverkammern und Geschützständen (.). Überall im Hause riecht es nach Pulver, Vieh und Hunden. (.) Schafe blöken, Rinder brüllen, Hunde bellen.&quot; So schildert der Humanist Ulrich von Hutten das beengte Leben auf einer Burg am Ende des Mittelalters. Das Buch widmet sich den Burgen und Schlössern als tierischem Lebensmittelpunkt, sei es nun für Reittier, Schlachtvieh oder für den Schosshund. Zur Sprache kommen aber auch Jagdtrophäen und plastische sowie gemalte Tierdarstellungen, ebenso Burgdrachen und andere Fabelwesen</subfield>
  </datafield>
  <datafield tag="546" ind1=" " ind2=" ">
   <subfield code="a">Beiträge hauptsächlich in Deutsch, mit einem Beitrag in Englisch und einem Beitrag in Französisch</subfield>
  </datafield>
  <datafield tag="583" ind1="1" ind2=" ">
   <subfield code="a">Archivierung/Langzeitarchivierung gewährleistet</subfield>
   <subfield code="f">FID</subfield>
   <subfield code="x">XA-DE-BW</subfield>
   <subfield code="2">pdager</subfield>
   <subfield code="5">DE-16</subfield>
  </datafield>
  <datafield tag="650" ind1=" " ind2="0">
   <subfield code="a">Decoration and ornament</subfield>
   <subfield code="x">Animal forms</subfield>
   <subfield code="z">Germany</subfield>
   <subfield code="v">Congresses</subfield>
  </datafield>
  <datafield tag="650" ind1=" " ind2="0">
   <subfield code="a">Decoration and ornament, Architectural</subfield>
   <subfield code="z">Germany</subfield>
   <subfield code="v">Congresses</subfield>
  </datafield>
  <datafield tag="650" ind1=" " ind2="0">
   <subfield code="a">Architecture, Medieval</subfield>
   <subfield code="z">Germany</subfield>
   <subfield code="z">Thuringia</subfield>
   <subfield code="x">History</subfield>
   <subfield code="v">Congresses</subfield>
  </datafield>
  <datafield tag="650" ind1=" " ind2="0">
   <subfield code="a">Animals in art</subfield>
   <subfield code="x">History</subfield>
   <subfield code="v">Congresses</subfield>
  </datafield>
  <datafield tag="650" ind1=" " ind2="0">
   <subfield code="a">Human-animal relationships in art</subfield>
   <subfield code="x">History</subfield>
   <subfield code="v">Congresses</subfield>
  </datafield>
  <datafield tag="650" ind1=" " ind2="0">
   <subfield code="a">Castles</subfield>
   <subfield code="z">Germany</subfield>
   <subfield code="z">Thuringia</subfield>
   <subfield code="x">History</subfield>
   <subfield code="v">Congresses</subfield>
  </datafield>
  <datafield tag="650" ind1=" " ind2="0">
   <subfield code="a">Palaces</subfield>
   <subfield code="z">Germany</subfield>
   <subfield code="z">Thuringia</subfield>
   <subfield code="x">History</subfield>
   <subfield code="v">Congresses</subfield>
  </datafield>
  <datafield tag="650" ind1=" " ind2="0">
   <subfield code="a">Menageries</subfield>
   <subfield code="z">Germany</subfield>
   <subfield code="z">Thuringia</subfield>
   <subfield code="x">History</subfield>
   <subfield code="v">Congresses</subfield>
  </datafield>
  <datafield tag="650" ind1=" " ind2="0">
   <subfield code="a">Domestic animals</subfield>
   <subfield code="z">Germany</subfield>
   <subfield code="z">Thuringia</subfield>
   <subfield code="x">History</subfield>
   <subfield code="v">Congresses</subfield>
  </datafield>
  <datafield tag="650" ind1=" " ind2="0">
   <subfield code="a">Human-animal relationships</subfield>
   <subfield code="z">Germany</subfield>
   <subfield code="x">History</subfield>
   <subfield code="v">Congresses</subfield>
  </datafield>
  <datafield tag="650" ind1=" " ind2="0">
   <subfield code="a">Animals and civilization</subfield>
   <subfield code="z">Germany</subfield>
   <subfield code="x">History</subfield>
   <subfield code="v">Congresses</subfield>
  </datafield>
  <datafield tag="650" ind1=" " ind2="0">
   <subfield code="a">Cities and towns, Medieval</subfield>
   <subfield code="z">Germany</subfield>
   <subfield code="z">Thuringia</subfield>
   <subfield code="v">Congresses</subfield>
  </datafield>
  <datafield tag="651" ind1=" " ind2="0">
   <subfield code="a">Thuringia (Germany)</subfield>
   <subfield code="x">Social life and customs</subfield>
   <subfield code="x">History</subfield>
   <subfield code="v">Congresses</subfield>
  </datafield>
  <datafield tag="655" ind1=" " ind2="7">
   <subfield code="a">Aufsatzsammlung</subfield>
   <subfield code="0">(DE-588)4143413-4</subfield>
   <subfield code="0">(DE-627)105605727</subfield>
   <subfield code="0">(DE-576)209726091</subfield>
   <subfield code="2">gnd-content</subfield>
  </datafield>
  <datafield tag="655" ind1=" " ind2="7">
   <subfield code="a">Konferenzschrift</subfield>
   <subfield code="y">29.03.2012-01.04.2012</subfield>
   <subfield code="z">Eisenach</subfield>
   <subfield code="0">(DE-588)1071861417</subfield>
   <subfield code="0">(DE-627)826484824</subfield>
   <subfield code="0">(DE-576)433375485</subfield>
   <subfield code="2">gnd-content</subfield>
  </datafield>
  <datafield tag="689" ind1="0" ind2="0">
   <subfield code="d">s</subfield>
   <subfield code="0">(DE-588)4009104-1</subfield>
   <subfield code="0">(DE-627)106364677</subfield>
   <subfield code="0">(DE-576)208880399</subfield>
   <subfield code="a">Burg</subfield>
   <subfield code="2">gnd</subfield>
  </datafield>
  <datafield tag="689" ind1="0" ind2="1">
   <subfield code="d">s</subfield>
   <subfield code="0">(DE-588)4052753-0</subfield>
   <subfield code="0">(DE-627)104629436</subfield>
   <subfield code="0">(DE-576)209099739</subfield>
   <subfield code="a">Schloss</subfield>
   <subfield code="2">gnd</subfield>
  </datafield>
  <datafield tag="689" ind1="0" ind2="2">
   <subfield code="d">s</subfield>
   <subfield code="0">(DE-588)4117220-6</subfield>
   <subfield code="0">(DE-627)104434570</subfield>
   <subfield code="0">(DE-576)209508086</subfield>
   <subfield code="a">Tierhaltung</subfield>
   <subfield code="2">gnd</subfield>
  </datafield>
  <datafield tag="689" ind1="0" ind2="3">
   <subfield code="d">s</subfield>
   <subfield code="0">(DE-588)4185464-0</subfield>
   <subfield code="0">(DE-627)105286958</subfield>
   <subfield code="0">(DE-576)210032642</subfield>
   <subfield code="a">Tiere</subfield>
   <subfield code="g">Motiv</subfield>
   <subfield code="2">gnd</subfield>
  </datafield>
  <datafield tag="689" ind1="0" ind2=" ">
   <subfield code="5">DE-101</subfield>
  </datafield>
  <datafield tag="689" ind1="1" ind2="0">
   <subfield code="d">s</subfield>
   <subfield code="0">(DE-588)4009104-1</subfield>
   <subfield code="0">(DE-627)106364677</subfield>
   <subfield code="0">(DE-576)208880399</subfield>
   <subfield code="a">Burg</subfield>
   <subfield code="2">gnd</subfield>
  </datafield>
  <datafield tag="689" ind1="1" ind2="1">
   <subfield code="d">s</subfield>
   <subfield code="0">(DE-588)4052753-0</subfield>
   <subfield code="0">(DE-627)104629436</subfield>
   <subfield code="0">(DE-576)209099739</subfield>
   <subfield code="a">Schloss</subfield>
   <subfield code="2">gnd</subfield>
  </datafield>
  <datafield tag="689" ind1="1" ind2="2">
   <subfield code="d">s</subfield>
   <subfield code="0">(DE-588)4117220-6</subfield>
   <subfield code="0">(DE-627)104434570</subfield>
   <subfield code="0">(DE-576)209508086</subfield>
   <subfield code="a">Tierhaltung</subfield>
   <subfield code="2">gnd</subfield>
  </datafield>
  <datafield tag="689" ind1="1" ind2="3">
   <subfield code="d">s</subfield>
   <subfield code="0">(DE-588)4185464-0</subfield>
   <subfield code="0">(DE-627)105286958</subfield>
   <subfield code="0">(DE-576)210032642</subfield>
   <subfield code="a">Tiere</subfield>
   <subfield code="g">Motiv</subfield>
   <subfield code="2">gnd</subfield>
  </datafield>
  <datafield tag="689" ind1="1" ind2="4">
   <subfield code="d">s</subfield>
   <subfield code="0">(DE-588)4016114-6</subfield>
   <subfield code="0">(DE-627)104452412</subfield>
   <subfield code="0">(DE-576)208914897</subfield>
   <subfield code="a">Fabeltiere</subfield>
   <subfield code="2">gnd</subfield>
  </datafield>
  <datafield tag="689" ind1="1" ind2=" ">
   <subfield code="5">(DE-627)</subfield>
  </datafield>
  <datafield tag="700" ind1="1" ind2=" ">
   <subfield code="a">Burger, Daniel</subfield>
   <subfield code="d">1971-</subfield>
   <subfield code="e">HerausgeberIn</subfield>
   <subfield code="0">(DE-588)12459655X</subfield>
   <subfield code="0">(DE-627)363433767</subfield>
   <subfield code="0">(DE-576)175232342</subfield>
   <subfield code="4">edt</subfield>
  </datafield>
  <datafield tag="700" ind1="1" ind2=" ">
   <subfield code="a">Baeriswyl, Armand</subfield>
   <subfield code="d">1962-</subfield>
   <subfield code="e">HerausgeberIn</subfield>
   <subfield code="0">(DE-588)124616127</subfield>
   <subfield code="0">(DE-627)363447261</subfield>
   <subfield code="0">(DE-576)174065515</subfield>
   <subfield code="4">edt</subfield>
  </datafield>
  <datafield tag="700" ind1="1" ind2=" ">
   <subfield code="a">Großmann, G. Ulrich</subfield>
   <subfield code="d">1953-</subfield>
   <subfield code="e">HerausgeberIn</subfield>
   <subfield code="0">(DE-588)120020947</subfield>
   <subfield code="0">(DE-627)080390684</subfield>
   <subfield code="0">(DE-576)161214223</subfield>
   <subfield code="4">edt</subfield>
  </datafield>
  <datafield tag="700" ind1="1" ind2=" ">
   <subfield code="a">Müller, Christine</subfield>
   <subfield code="e">HerausgeberIn</subfield>
   <subfield code="4">edt</subfield>
  </datafield>
  <datafield tag="700" ind1="1" ind2=" ">
   <subfield code="a">Büren, Guido von</subfield>
   <subfield code="d">1974-</subfield>
   <subfield code="e">HerausgeberIn</subfield>
   <subfield code="0">(DE-588)140905677</subfield>
   <subfield code="0">(DE-627)623121298</subfield>
   <subfield code="0">(DE-576)172053560</subfield>
   <subfield code="4">edt</subfield>
  </datafield>
  <datafield tag="710" ind1="2" ind2=" ">
   <subfield code="a">Wartburg-Gesellschaft zur Erforschung von Burgen und Schlössern</subfield>
   <subfield code="e">Herausgebendes Organ</subfield>
   <subfield code="0">(DE-588)5153050-8</subfield>
   <subfield code="0">(DE-627)040839435</subfield>
   <subfield code="0">(DE-576)195494504</subfield>
   <subfield code="4">isb</subfield>
  </datafield>
  <datafield tag="787" ind1="0" ind2="8">
   <subfield code="i">Rezensiert in</subfield>
   <subfield code="a">Syrer, Christa Juliane, 1988 - </subfield>
   <subfield code="t">[Rezension von: Wartburg-Gesellschaft zur Erforschung von Burgen und Schlössern e.V. (Hrsg.), Tiere auf Burgen und frühen Schlössern]</subfield>
   <subfield code="d">Regensburg : Verlag Schnell &amp; Steiner, 2017</subfield>
   <subfield code="w">(DE-627)1746355182</subfield>
  </datafield>
  <datafield tag="787" ind1="0" ind2="8">
   <subfield code="i">Rezensiert in</subfield>
   <subfield code="a">Syrer, Christa Juliane, 1988 - </subfield>
   <subfield code="t">[Rezension]</subfield>
   <subfield code="d">2017</subfield>
   <subfield code="w">(DE-627)1560991046</subfield>
   <subfield code="w">(DE-576)490991041</subfield>
  </datafield>
  <datafield tag="830" ind1=" " ind2="0">
   <subfield code="a">Forschungen zu Burgen und Schlössern</subfield>
   <subfield code="v">Bd. 16</subfield>
   <subfield code="9">16</subfield>
   <subfield code="w">(DE-627)182598918</subfield>
   <subfield code="w">(DE-576)045294577</subfield>
   <subfield code="w">(DE-600)1220073-6</subfield>
   <subfield code="x">0947-9708</subfield>
   <subfield code="7">am</subfield>
  </datafield>
  <datafield tag="856" ind1="4" ind2="2">
   <subfield code="u">http://www.gbv.de/dms/art-berlin/776670743.pdf</subfield>
   <subfield code="m">V:DE-601</subfield>
   <subfield code="m">B:DE-B11</subfield>
   <subfield code="q">application/pdf</subfield>
   <subfield code="v">2016-12-16</subfield>
   <subfield code="x">Verlag</subfield>
   <subfield code="y">Inhaltsverzeichnis</subfield>
   <subfield code="3">Inhaltsverzeichnis</subfield>
   <subfield code="7">1</subfield>
  </datafield>
  <datafield tag="856" ind1="4" ind2="2">
   <subfield code="u">http://deposit.dnb.de/cgi-bin/dokserv?id=4564989&amp;prov=M&amp;dok_var=1&amp;dok_ext=htm</subfield>
   <subfield code="m">X: MVB</subfield>
   <subfield code="q">text/html</subfield>
   <subfield code="v">2014-01-20</subfield>
   <subfield code="x">Verlag</subfield>
   <subfield code="3">Inhaltstext</subfield>
   <subfield code="7">1</subfield>
  </datafield>
  <datafield tag="935" ind1=" " ind2=" ">
   <subfield code="i">Blocktest</subfield>
  </datafield>
  <datafield tag="936" ind1="r" ind2="v">
   <subfield code="a">NK 4940</subfield>
   <subfield code="b">Zeitlich und örtlich übergreifende Spezialabhandlungen</subfield>
   <subfield code="k">Geschichte</subfield>
   <subfield code="k">Weltgeschichte, Darstellungen Allgemeine Geschichte einzelner Staaten und Völker Teilgebiete der Geschichte, Sammelwerke</subfield>
   <subfield code="k">Teilgebiete der Geschichte</subfield>
   <subfield code="k">Allgemeine Geistes- und Kulturgeschichte</subfield>
   <subfield code="k">Allgemeine Kulturgeschichte</subfield>
   <subfield code="k">Zeitlich und örtlich übergreifende Spezialabhandlungen</subfield>
   <subfield code="0">(DE-627)1270707191</subfield>
   <subfield code="0">(DE-625)rvk/126080:</subfield>
   <subfield code="0">(DE-576)200707191</subfield>
  </datafield>
  <datafield tag="936" ind1="r" ind2="v">
   <subfield code="a">LK 79850</subfield>
   <subfield code="b">allgemein</subfield>
   <subfield code="k">Kunstgeschichte</subfield>
   <subfield code="k">Kunst nach Ländern bzw. Kontinenten</subfield>
   <subfield code="k">Deutschland</subfield>
   <subfield code="k">Deutsche Kunstgeschichte nach Gattungen</subfield>
   <subfield code="k">Architektur</subfield>
   <subfield code="k">Ordnung nach Aufgaben</subfield>
   <subfield code="k">Wehrbauten (Burg, Befestigungsanlagen, Kriegsbaukunst)</subfield>
   <subfield code="k">allgemein</subfield>
   <subfield code="0">(DE-627)1270882562</subfield>
   <subfield code="0">(DE-625)rvk/98299:154</subfield>
   <subfield code="0">(DE-576)200882562</subfield>
  </datafield>
  <datafield tag="936" ind1="r" ind2="v">
   <subfield code="a">ZH 6045</subfield>
   <subfield code="b">Burgen</subfield>
   <subfield code="k">Technik</subfield>
   <subfield code="k">Architektur</subfield>
   <subfield code="k">Öffentliche Gebäude</subfield>
   <subfield code="k">Wehrbauten, Zeughaus</subfield>
   <subfield code="k">Burgen</subfield>
   <subfield code="0">(DE-627)1271354594</subfield>
   <subfield code="0">(DE-625)rvk/156189:</subfield>
   <subfield code="0">(DE-576)201354594</subfield>
  </datafield>
  <datafield tag="936" ind1="b" ind2="k">
   <subfield code="a">21.71</subfield>
   <subfield code="j">Geschichte öffentlicher Bauten</subfield>
   <subfield code="0">(DE-627)106421263</subfield>
  </datafield>
  <datafield tag="936" ind1="b" ind2="k">
   <subfield code="a">48.60</subfield>
   <subfield code="j">Tierproduktion</subfield>
   <subfield code="j">Tierhaltung: Allgemeines</subfield>
   <subfield code="0">(DE-627)106421662</subfield>
  </datafield>
  <datafield tag="936" ind1="b" ind2="k">
   <subfield code="a">15.18</subfield>
   <subfield code="j">Mittelalterliche Archäologie</subfield>
   <subfield code="j">neuzeitliche Archäologie</subfield>
   <subfield code="0">(DE-627)10641416X</subfield>
  </datafield>
  <datafield tag="951" ind1=" " ind2=" ">
   <subfield code="a">BO</subfield>
  </datafield>
  <datafield tag="990" ind1=" " ind2=" ">
   <subfield code="a">Burg</subfield>
  </datafield>
  <datafield tag="990" ind1=" " ind2=" ">
   <subfield code="a">Schloss</subfield>
  </datafield>
  <datafield tag="990" ind1=" " ind2=" ">
   <subfield code="a">Tierhaltung</subfield>
  </datafield>
  <datafield tag="990" ind1=" " ind2=" ">
   <subfield code="a">Tiere</subfield>
  </datafield>
  <datafield tag="990" ind1=" " ind2=" ">
   <subfield code="a">Burg</subfield>
  </datafield>
  <datafield tag="990" ind1=" " ind2=" ">
   <subfield code="a">Schloss</subfield>
  </datafield>
  <datafield tag="990" ind1=" " ind2=" ">
   <subfield code="a">Tierhaltung</subfield>
  </datafield>
  <datafield tag="990" ind1=" " ind2=" ">
   <subfield code="a">Tiere</subfield>
  </datafield>
  <datafield tag="990" ind1=" " ind2=" ">
   <subfield code="a">Fabeltiere</subfield>
  </datafield>
  <datafield tag="991" ind1=" " ind2=" ">
   <subfield code="a">Rezensiertes Werk</subfield>
  </datafield>
  <datafield tag="999" ind1=" " ind2=" ">
   <subfield code="a">KXP-PPN776670743</subfield>
   <subfield code="e">4108051742</subfield>
  </datafield>
 </record>
</collection>
